000
00247 a2200109 4500
003
Nust
005
20170207154229.0
040
_c
Nust
082
_a
371.33
245
_a
To Imaging Yourself (VHS-90)
440
_a
To Imaging Yourself (VHS-90)
538
_a
Duration in Minutes-158
999
_c
195749
_d
195749